| 000 | 01140nam a22003257a 4500 | ||
|---|---|---|---|
| 003 | CHAP | ||
| 005 | 20220329140305.0 | ||
| 008 | 971013s1984 r 00010 d | ||
| 010 | _a49850 | ||
| 011 | _a50822 | ||
| 035 | _a54972 | ||
| 040 | _cCHAP | ||
| 090 | _aTesis | ||
| 100 | 0 | 0 |
_aVillarreal Aguilar, Carlos Alberto. _9119555 |
| 245 | _aComparación de tratamientos físicos del bagazo de caña (Saccharum officinarum) como componente en raciones para ganado caprino | ||
| 260 |
_aMarín, N.L. : _bEl autor, _c1984 |
||
| 300 | _a45 h. | ||
| 502 | _aTesis (Ing. Agrónomo Zootecnista) -- Univ. Autónoma de Nuevo León. Fac. de Agronomía | ||
| 590 |
_aALEPH _b10 _c20130110 _lUCH01 _h1323 |
||
| 590 |
_aBATCH-UPD _b10 _c20130110 _lUCH01 _h0806 |
||
| 590 |
_aBATCH-UPD _b10 _c20130410 _lUCH01 _h0444 |
||
| 590 |
_aBATCH-UPD _b10 _c20130914 _lUCH01 _h0520 |
||
| 590 |
_aCONVERSION _b10 _c20130109 _lUCH01 _h1327 |
||
| 650 | 1 | 4 |
_aBagazo. _99395 |
| 650 | 1 | 4 |
_aCaña de azúcar como forraje. _918673 |
| 650 | 1 | 4 |
_aGanado cabrío _xAlimentación. _944990 |
| 901 | _aBK | ||
| 942 | _cTESIS | ||
| 949 |
_bBC _cTES _d-120958 _eTS1 _h19003 _i54972 _si |
||
| 999 |
_c49850 _d49850 |
||